Ponuka vzorových modulov ekonomických predmetov za účelom lepšieho uplatnenia sa absolventov so záujmom o súkromné podnikanie Pedagogická fakulta, Rímskokatolícka Cyrilometodská bohoslovecká fakulta a Evanjelická bohoslovecká fakulta Univerzity Komenského v Bratislave

Navrhované moduly ekonomických predmetov pre absolventov neekonomických študijných odborov vybraných fakúlt, ktorí majú záujem o súkromné podnikanie.

Salvato in:
Dettagli Bibliografici
Autore principale: Litomerický, Juraj
Natura: Capitolo di libro
Lingua:slovacco
Soggetti:
Tags: Aggiungi Tag
Nessun Tag, puoi essere il primo ad aggiungerne!!

MARC

LEADER 00000naa$a2200000$$$4500
001 0205770
005 20240502073427.3
041 0 |a slo 
044 |a SK 
245 1 0 |a Ponuka vzorových modulov ekonomických predmetov za účelom lepšieho uplatnenia sa absolventov so záujmom o súkromné podnikanie  |b Pedagogická fakulta, Rímskokatolícka Cyrilometodská bohoslovecká fakulta a Evanjelická bohoslovecká fakulta Univerzity Komenského v Bratislave  |c Juraj Litomerický 
520 |a Navrhované moduly ekonomických predmetov pre absolventov neekonomických študijných odborov vybraných fakúlt, ktorí majú záujem o súkromné podnikanie. 
610 2 0 |a absolventi 
610 2 0 |a vzdelávanie ďalšie 
610 2 0 |a ekonómia 
610 2 0 |a odbornosť 
610 2 0 |a škola a prax 
610 2 0 |a trh práce 
610 2 0 |a podnikanie súkromné 
100 1 |a Litomerický, Juraj